خصائص الأسر الفقيرة /
Saved in:
| 主要作者: | |
|---|---|
| 格式: | Thesis 图书 |
| 语言: | 英语 |
| 出版: |
القاهرة
الجهاز المركزى للتعبئة العامة والإحصاء.
2020
|
| 主题: | |
| 标签: |
添加标签
没有标签, 成为第一个标记此记录!
|
MARC
| LEADER | 00000nam a22000007a 4500 | ||
|---|---|---|---|
| 003 | INP | ||
| 005 | 20210518103207.0 | ||
| 008 | 210301b xxu||||| |||| 00| 0 eng d | ||
| 952 | |0 0 |1 0 |4 0 |6 312_200000000000000 |7 0 |9 20874 |a INP |b INP |c MAIN |d 2021-03-01 |l 0 |o 312.2 |p 021938 |r 2022-03-28 00:00:00 |w 2021-03-01 |y PUB |0 0 | ||
| 999 | |c 16905 |d 16905 | ||
| 040 | |a EG-INP |b ara |c EG-INP | ||
| 082 | |2 21 |a 301.441 | ||
| 100 | |a الجهاز المركزى للتعبئة العامة والإحصاء. | ||
| 245 | |a خصائص الأسر الفقيرة / |c الجهاز المركزى للتعبئة العامة والإحصاء. | ||
| 260 | |a القاهرة |b الجهاز المركزى للتعبئة العامة والإحصاء. |c 2020 | ||
| 300 | |a مج. : |b ايض. ؛ |c 29 سم | ||
| 310 | |a سنوى | ||
| 502 | |a مرجع رقم 2018/13007/72 | ||
| 504 | |a بني الوصف 2018 |b إصدار يوليو2020 | ||
| 505 | |a وادركآ من الجهاز بأهمية البحث تم إعداد بعض الدراسات التحليلية لبيانات بحث عام 2017/2018 للتعرف علي أهم خصائص الأسر الفقيرة ,وذلك بهدف تجاوز الآثار السلبية الناجمة عن الفقر ووضعها أمام راسمي السياسات ومتخذي القرارات لوضع الخطط والإستراتيجيات المناسبة للحد من الفقر في المدى القريب والقضاء عليه في المدى البعيد . | ||
| 650 | |2 qrmak |a الفقر | ||
| 650 | |2 qrmak |a الاحوال الاقتصادية | ||
| 650 | |2 qrmak |a الاسر الفقيرة |v احصائيات | ||
| 651 | |2 qrmak |a مصر | ||
| 901 | |a EGPV30 | ||
| 902 | |a egpv34 | ||
| 903 | |a original | ||
| 942 | |2 ddc |c PUB | ||